Statistics for Call of duty games

Click here to take the quiz!

General Stats

  • This quiz has been taken 22 times
  • The average score is 9 of 13

Answer Stats

HintAnswer% Correct
2010Black ops 1
90%
2012Black ops 2
90%
2014Advanced warfare
85%
2003Call of duty
85%
2005Call of duty 2
80%
2006Call of duty 3
80%
2009Modern warfare 2
80%
2007Call of duty modern warfare
75%
2013Ghosts
75%
2011Modern warfare 3
75%
2008World at war
70%
2004Call of duty finest hour
10%
2013Strike team
10%

Score Distribution

Percentile by Number Answered

Percent of People with Each Score

Your Score History

You have not taken this quiz